<?xml version="1.0" encoding="UTF-8"?>
<record
    xmlns:xsi="http://www.w3.org/2001/XMLSchema-instance"
    xsi:schemaLocation="http://www.loc.gov/MARC21/slim http://www.loc.gov/standards/marcxml/schema/MARC21slim.xsd"
    xmlns="http://www.loc.gov/MARC21/slim">

  <leader>00878nam a22002057a 4500</leader>
  <datafield tag="999" ind1=" " ind2=" ">
    <subfield code="c">70347</subfield>
    <subfield code="d">70347</subfield>
  </datafield>
  <controlfield tag="005">20200117112139.0</controlfield>
  <datafield tag="010" ind1=" " ind2=" ">
    <subfield code="a">B-472655,UR-8068</subfield>
  </datafield>
  <datafield tag="020" ind1=" " ind2=" ">
    <subfield code="c">650.00</subfield>
    <subfield code="a">9789380934433</subfield>
  </datafield>
  <datafield tag="035" ind1=" " ind2=" ">
    <subfield code="a">B-472655,U-6623</subfield>
  </datafield>
  <datafield tag="037" ind1=" " ind2=" ">
    <subfield code="b">BPPD</subfield>
  </datafield>
  <datafield tag="082" ind1=" " ind2=" ">
    <subfield code="a">841.08</subfield>
  </datafield>
  <datafield tag="100" ind1=" " ind2=" ">
    <subfield code="a">&#x627; &#x6CC; .&#x627;&#x6D2; .&#x62D;&#x64A;&#x62F; &#x631; &#x6CC;</subfield>
  </datafield>
  <datafield tag="245" ind1=" " ind2=" ">
    <subfield code="a">&#x622; &#x632; &#x627; &#x62F;&#x6CC; &#x6A9;&#x6D2; &#x628;&#x639;&#x62F; &#x627; &#x631; &#x62F; &#x648; &#x634;&#x627; &#x639;&#x631; &#x6CC; &#x6A9;&#x6D2; &#x627; &#x631; &#x62A;&#x642;&#x627;&#x621; &#x645;&#x64A;&#x646; &#x63A;&#x64A;&#x631; &#x645;&#x633;&#x644;&#x645; &#x634;&#x639;&#x631; &#x627;&#x621; &#x6A9;&#x627; &#x62D;&#x635;&#x6C1; /</subfield>
    <subfield code="c">&#x627; &#x6CC; &#x6D4;&#x627;&#x6D2;&#x6D4; &#x62D;&#x64A;&#x62F; &#x631; &#x6CC;</subfield>
  </datafield>
  <datafield tag="246" ind1=" " ind2=" ">
    <subfield code="a">Azadi ke Bad Urdu Shairy ke Irtiqa MeinGhair Muslim Shu Araka Hissa /</subfield>
    <subfield code="b">By  E. A. Haidri</subfield>
  </datafield>
  <datafield tag="260" ind1=" " ind2=" ">
    <subfield code="a">&#x646;&#x626; &#x200F; &#x62F;&#x6BE;&#x644;&#x6CC;</subfield>
    <subfield code="b">&#x627; &#x64A;&#x645; &#x622;&#x631; &#x67E;&#x628;&#x644;&#x6CC; &#x6A9;&#x64A;&#x634;&#x646;&#x632;</subfield>
    <subfield code="c">2011 &#x621;</subfield>
  </datafield>
  <datafield tag="270" ind1=" " ind2=" ">
    <subfield code="a">2724-25 &#x645;&#x64A;&#x679;&#x631; &#x648; &#x67E;&#x648; &#x644; &#x645;&#x627; &#x631; &#x6A9;&#x64A;&#x679; &#x6A9;&#x648; &#x686;&#x6C1; &#x686;&#x64A;&#x644;&#x627; &#x6BA; &#x62F; &#x631; &#x64A;&#x627; &#x6AF;&#x646;&#x62C;</subfield>
    <subfield code="b">&#x646;&#x626; &#x200F; &#x62F;&#x6BE;&#x644;&#x6CC;</subfield>
    <subfield code="e">110002</subfield>
  </datafield>
  <datafield tag="300" ind1=" " ind2=" ">
    <subfield code="a">340 ,342&#x635;</subfield>
    <subfield code="c">22cm(Hb)     </subfield>
  </datafield>
  <datafield tag="500" ind1=" " ind2=" ">
    <subfield code="a">&#x62F;&#x648; &#x62D;&#x635;&#x6C1;</subfield>
  </datafield>
  <datafield tag="942" ind1=" " ind2=" ">
    <subfield code="2">ddc</subfield>
    <subfield code="c">UR</subfield>
    <subfield code="h">841.08</subfield>
    <subfield code="m">&#x62D; &#x6CC; &#x62F;</subfield>
  </datafield>
  <datafield tag="952" ind1=" " ind2=" ">
    <subfield code="0">0</subfield>
    <subfield code="1">0</subfield>
    <subfield code="4">0</subfield>
    <subfield code="7">0</subfield>
    <subfield code="8">NFIC</subfield>
    <subfield code="a">L</subfield>
    <subfield code="b">L</subfield>
    <subfield code="d">2012-09-26</subfield>
    <subfield code="e">RBC/7/40/120/20-03-12/28329/23-03-12/30-03-12</subfield>
    <subfield code="g">650.00</subfield>
    <subfield code="l">0</subfield>
    <subfield code="o">841.08 &#x62D; &#x6CC; &#x62F;</subfield>
    <subfield code="p">B-472655</subfield>
    <subfield code="r">2012-09-26 00:00:00</subfield>
    <subfield code="t">1</subfield>
    <subfield code="v">650.00</subfield>
    <subfield code="w">2012-09-26</subfield>
    <subfield code="y">UR</subfield>
  </datafield>
  <datafield tag="952" ind1=" " ind2=" ">
    <subfield code="0">0</subfield>
    <subfield code="1">0</subfield>
    <subfield code="4">0</subfield>
    <subfield code="7">0</subfield>
    <subfield code="8">NFIC</subfield>
    <subfield code="a">DBAD</subfield>
    <subfield code="b">DBAD</subfield>
    <subfield code="d">2013-01-07</subfield>
    <subfield code="g">650.00</subfield>
    <subfield code="l">0</subfield>
    <subfield code="o">841.08 &#x62D; &#x6CC; &#x62F;</subfield>
    <subfield code="p">U-6623</subfield>
    <subfield code="r">2013-01-07 00:00:00</subfield>
    <subfield code="t">1</subfield>
    <subfield code="v">650.00</subfield>
    <subfield code="w">2013-01-07</subfield>
    <subfield code="y">UR</subfield>
  </datafield>
</record>
